000
00317pam a2200133 a 4500
020
_c
041
_h
082
_a
745.4
_b
SHA
100
_a
Page One .
245
_a
Inforgraphics Designing and Visualizing Data
_h
Textual Documents
260
_a
[s.l]:
_b
Page one ,
_c
2014.
300
_a
239:
_b
Hard.
930
_a
7169
999
_c
240959
_d
240959